000 01283cam a22002898a 4500
001 16983742
005 20170221114426.0
008 110929s2012 nyu 001 0 eng
020 _a9781259251276
040 _cPK-LaUMT
082 0 0 _a616.9041
_223
_bLEV-R
100 1 _aLevinson, Warren
245 1 0 _aReview of medical microbiology and immunology /
_cWarren Levinson
250 _a14th ed.
260 _aNew York :
_bMcGraw-Hill Education,
_c2014
300 _a821 p. :
_bill. (chiefly col.) ;
_c28 cm.
500 _aIncludes index.
500 _a"A Lange medical book."
520 _a"This book is a concise review of the medically important aspects of microbiology and immunology. It covers both the basic and clinical aspects of bacteriology, virology, mycology, parasitology, and immunology. Its two major aims are (1) to assist those who are preparing for the USMLE (National Boards) and (2) to provide students who are currently taking medical microbiology courses with a brief and up-to-date source of information"--Provided by publisher.
650 1 2 _aMicrobiology
650 1 2 _aMicrobiology
650 2 2 _aAllergy and Immunology
650 2 2 _aAllergy and Immunology
650 2 2 _aImmunologic Techniques
650 2 2 _aImmunologic Techniques
942 _cBK
999 _c91088
_d91088